Normal view
MARC view
- تصوف
Entry Topical Term
001 - CONTROL NUMBER
- control field: 113846
003 - CONTROL NUMBER IDENTIFIER
- control field: NUST
005 - DATE AND TIME OF LATEST TRANSACTION
- control field: 20230727091850.0
008 - FIXED-LENGTH DATA ELEMENTS
- fixed length control field: 230727|| aca||aabn | a|a d
040 ## - CATALOGING SOURCE
- Original cataloging agency: NUST
- Transcribing agency: NUST
150 ## - HEADING--TOPICAL TERM
- Topical term or geographic name entry element: تصوف
- Topical term or geographic name entry element: روحانی گفتگو-اذکار
670 ## - SOURCE DATA FOUND
- Source citation: Work cat.: (NUST)595040: Azeemi, Khawaja Shams Ul Deen 113254, Mehboob Baghal Mein /, 2021.
